20 titres les plus écoutés de Skillet - Statistiques

Statistiques générales
  • Ce quiz a été pris 11 fois
  • Le résultat moyen est 10 sur 20
Statistiques - réponses
Nb. d'écoutes Album % Correct
+ 1 041 000 000 Awake Monster
89%
+ 379 000 000 Awake Awake and Alive
78%
+ 586 000 000 Awake Hero
67%
+ 129 000 000 Rise Rise
67%
+ 239 000 000 Comatose Comatose
56%
+ 476 000 000 Unleashed Feel Invincible
56%
+ 214 000 000 Rise Not Gonna Die
56%
+ 293 000 000 Unleashed The Resistance
56%
+ 92 000 000 Unleashed Back from the Dead
44%
+ 89 000 000 Victorious Finish Line
44%
+ 104 000 000 Victorious Legendary
44%
+ 40 000 000 Awake Lucy
44%
+ 55 076 000 Unleashed Stars
44%
+ 50 000 000 Unleashed Undefeated
44%
+ 188 000 000 Comatose Whispers in the Dark
44%
+ 76 000 000 Comatose Falling Inside the Black
33%
+ 60 000 000 Unleashed I Want to Live
33%
+ 55 319 000 Victorious Save Me
33%
+ 62 000 000 Rise Sick of It
33%
+ 72 000 000 Comatose Rebirthing
22%
Aucun quiz correspondant
Distribution des résultats
% des personnes avec chaque résultat
Percentile par nombre de réponses
Votre historique - résultats
Vous n’avez pas pris ce quiz